000 00380nam a2200133Ia 4500
008 130318s9999 xx 000 0 und d
020 _a8187972041
082 _a621.3822 BRO/D
100 _aBroesch, James D
245 _aDigital signal processing demystified
260 _bPenram International Publishing
_aMumbai
_c1997
300 _a203
_e1 CD
650 _aDIGITAL SIGNAL PROCESSING
999 _c427
_d427